Técnicas moleculares aplicadas al análisis de transgénicos /

Guardado en:
Autor Principal: Christensen, Martín.
Autor Corporativo: Universidad Nacional del Sur. Departamento de Agronomía.
Otros Autores: Carrera, Alicia Delia, (tutor.)
Formato: Libro
Idioma:Spanish
Publicado: Bahía Blanca, 2004.
Etiquetas: Agregar Etiqueta
Sin Etiquetas, Sea el primero en etiquetar este registro!
LEADER 00699nam a22001695a 4500
001 EEA.libagro007348
005 20180523111304.0
008 130809s2004####ag#a##########000#0#spa#d
082 0 4 |a 631.53 
100 1 |a Christensen, Martín. 
245 1 0 |a Técnicas moleculares aplicadas al análisis de transgénicos /  |c Martín Christensen. 
260 |a Bahía Blanca,  |c 2004. 
300 |a 44 h. :  |b il. ;  |c 30 cm. 
500 |a Trabajo de intensificación (Ingeniero Agrónomo) -- Universidad Nacional del Sur. Departamento de Agronomía, 2004. 
700 1 |a Carrera, Alicia Delia,  |e tutor. 
710 2 |a Universidad Nacional del Sur.  |b Departamento de Agronomía. 
859 |a AR-BbBCA  |b BIB. AGRONOMIA  |h 631.53  |i C554  |p 2005/4719